Agire di Dio e libertà dell'uomo : (Registro nro. 22075)

Detalles MARC
000 -Cabecera
Campo de control interno 00819nam a2200253Ia 4500
005 - Fecha y hora del registro
control field 20260320113340.0
008 - Elementos de Longitud Fija
fixed length control field 260320s9999||||xx |||||||||||||| ||und||
020 ## - ISBN
ISBN 9788878392984
041 ## - Idioma
Codigo Idioma Italiano
082 ## - DEWEY y NOTACIÓN INTERNA
Dewey 233
Notación Interna R41
100 ## - AUTOR
Autor denominación Renczes, Philipp G.,
Término de relación autor
245 #0 - TÍTULO DE MATERIAL BIBLIOGRÁFICO
Título Agire di Dio e libertà dell'uomo :
Título paralelo ricerche sull'antropologia teologica di san Massimo il Confessore
246 ## - TÍTULO TRADUCIDO
Título
Título paralelo
Autor
260 ## - CIUDAD, EDITORIAL, AÑO
Ciudad Roma :
Nombre de la Editorial Pontificio Istituto Biblico,
Año 2014
300 ## - DESCRIPCIÓN
N° Páginas 434 páginas :
Otros detalles
Dimensiones 21 cm.
Material Adicional
440 ## - MENCIÓN DE SERIE
Título de la Serie (Theologia :
Número de Serie número 15)
Volumen de Serie
650 ## - TEMAS
Temas Religión
653 ## - DESCRIPTORES
Lenguajes no controlado Dios; Antropología teológica
654 ## - PROGRAMAS
Programa Dpto. de Humanidades
700 ## - OTROS AUTORES
Otros autores
Títulos y otras palabras asociadas con el nombre
856 ## - URL - UBICACIÓN
URI/URL: Enlace exacto del recurso <a href="https://0u20jpnbu-y-https-www-jstor-org.itmsp.museknowledge.com/">https://0u20jpnbu-y-https-www-jstor-org.itmsp.museknowledge.com/</a>
Nota pública: Versión digital <a href="Véase además: Base de datos JSTOR">Véase además: Base de datos JSTOR</a>
942 ## - ELEMENTOS DE KOHA
Tipo de documento Libro
Nombre del creador Justo Noguera
Código de catalogador Margarita Torres
Esquema de clasificación Dewey Decimal Classification
Suppress in OPAC
Existencias
Codigo completo Registro Colección Copia número Disponibilidad Tipo de préstamo Biblioteca Actual Procedencia (Biblioteca) Ubicacón Fecha Ingreso Tipo de Adquisición Observación Date last seen Total checkouts Price effective from Tipo de Item Estado del Material Fuente de Clasificación Damaged status Withdrawn status
233 R41 1087490 Universidad Católica San Pablo 1 Disponible Disponible Víctor Andrés Belaunde Víctor Andrés Belaunde Planta baja abierta 10/03/2026 Compra Educación 20/03/2026   20/03/2026 Libro Bueno Dewey Decimal Classification